4 Letter Places - Hard Version - Statistics

General Stats
  • This quiz has been taken 27 times
  • The average score is 26 of 55
Answer Stats
Places % Correct
Lima
85%
Peru
85%
Fiji
81%
Chad
78%
Togo
78%
Rome
74%
Cuba
70%
Iran
70%
Iraq
70%
Mali
70%
Oman
70%
Oslo
70%
Kiev
67%
Doha
63%
Laos
63%
Bern
59%
Lome
59%
Lyon
59%
Agra
56%
Bali
56%
Malé
56%
Xian
56%
Bonn
52%
Nice
52%
Riga
52%
Cork
48%
Apia
44%
Baku
44%
Juba
44%
Ohio
44%
Suva
44%
Utah
44%
Iowa
41%
York
41%
Java
37%
Pisa
37%
Bath
33%
Cali
33%
Cebu
33%
Lodz
33%
Pune
33%
Giza
30%
Graz
30%
Omsk
30%
Perm
30%
Guam
22%
Zion
22%
Kent
19%
Oahu
19%
Oulu
19%
Reno
19%
Kiel
15%
Kobe
15%
Maui
7%
Soho
7%
No matching quizzes found
Score Distribution
Percent of People with Each Score
Percentile by Number Answered
Your Score History
You have not taken this quiz